000
00469nam a2200157Ia 4500
008
100122s9999 xx 000 0 und d
082
_b
72318
_a
823.08
100
_a
टिळेकर चंद्रसेन
245
_a
रती नीती कथा
250
_a
0
260
_b
अनुबंध प्रकाशन
_c
2007
300
_a
215
630
_a
रती नीती कथा
730
_a
रती नीती कथा
942
_c
BOOK
999
_c
388183
_d
388180